[Event "Ketrzyn op 9th"]
[Site "Ketrzyn"]
[Date "2006.12.30"]
[Round "9.13"]
[White "Surin, Kirill"]
[Black "Major, Boguslaw"]
[Result "1-0"]
[WhiteElo "2073"]
[BlackElo "1859"]
[PlyCount "69"]
[EventDate "2006.12.27"]
[EventType "swiss"]
[EventRounds "9"]
[EventCountry "POL"]
[SourceTitle "EXT 2023"]
[Source "ChessBase"]
[SourceDate "2022.10.05"]
[SourceVersion "1"]
[SourceVersionDate "2022.10.05"]
[SourceQuality "1"]

1. d4 Nf6 2. Nf3 g6 3. g3 Bg7 4. Bg2 0-0 5. c4 d5 6. cxd5 Nxd5 7. 0-0 Na6 8. Nc3 c5 9. e4 Nxc3 10. bxc3 Bg4 11. Be3 Qc8 12. Qb3 b6 13. Rfe1 Bh3 14. Bh1 h6 15. Nh4 Bf6 16. Ng2 g5 17. f4 Qg4 18. Qc4 Nc7 19. d5 Rad8 20. a4 h5 21. fxg5 Bxg5 22. Bxg5 Qxg5 23. Nf4 Bd7 24. Re3 h4 25. Rae1 Kh8 26. e5 Rg8 27. e6 fxe6 28. Re5 exd5 29. Rxg5 dxc4 30. Rh5+ Kg7 31. Rxe7+ Kf8 32. Rhh7 Be8 33. Rxc7 Rd1+ 34. Kf2 hxg3+ 35. hxg3 1-0

[Event "Ketrzyn op 9th"]
[Site "Ketrzyn"]
[Date "2006.12.28"]
[Round "4.9"]
[White "Meribanov, Vitaly"]
[Black "Surin, Kirill"]
[Result "1-0"]
[WhiteElo "1938"]
[BlackElo "2073"]
[PlyCount "65"]
[EventDate "2006.12.27"]
[EventType "swiss"]
[EventRounds "9"]
[EventCountry "POL"]
[SourceTitle "EXT 2023"]
[Source "ChessBase"]
[SourceDate "2022.10.05"]
[SourceVersion "1"]
[SourceVersionDate "2022.10.05"]
[SourceQuality "1"]

1. e4 e6 2. d4 d5 3. Nc3 Nf6 4. Bg5 Be7 5. e5 Nfd7 6. Bxe7 Qxe7 7. f4 a6 8. Nf3 c5 9. Be2 Nc6 10. Qd2 b5 11. Nd1 cxd4 12. Nxd4 Bb7 13. Nf2 Rc8 14. c3 Nb6 15. b3 0-0 16. 0-0 f6 17. exf6 Qxf6 18. Ng4 Qe7 19. Rae1 Qd6 20. Bd3 Rfe8 21. Qe3 Nd7 22. Qh3 Nf8 23. Re3 b4 24. Rg3 Kh8 25. Nxc6 Bxc6 26. Ne5 Re7 27. cxb4 Qxb4 28. Qh4 Be8 29. Kh1 a5 30. Rg4 Qd6 31. Qg3 Rc3 32. f5 exf5 33. Nf7+ 1-0

[Event "Ketrzyn op 9th"]
[Site "Ketrzyn"]
[Date "2006.12.28"]
[Round "3.10"]
[White "Surin, Kirill"]
[Black "Kotermanska, Anna"]
[Result "1/2-1/2"]
[WhiteElo "2073"]
[BlackElo "1941"]
[PlyCount "62"]
[EventDate "2006.12.27"]
[EventType "swiss"]
[EventRounds "9"]
[EventCountry "POL"]
[SourceTitle "EXT 2023"]
[Source "ChessBase"]
[SourceDate "2022.10.05"]
[SourceVersion "1"]
[SourceVersionDate "2022.10.05"]
[SourceQuality "1"]

1. d4 Nf6 2. Nf3 g6 3. Bg5 Bg7 4. e3 0-0 5. Be2 d6 6. c4 h6 7. Bh4 c5 8. Nc3 Qa5 9. 0-0 Nbd7 10. Qc2 a6 11. a3 Rb8 12. b4 cxb4 13. axb4 Qc7 14. Rfc1 Re8 15. Qb3 g5 16. Bg3 Nh5 17. c5 Nxg3 18. hxg3 dxc5 19. dxc5 Nf6 20. Bc4 Rf8 21. e4 e6 22. Re1 Bd7 23. Rac1 Bc6 24. b5 axb5 25. Nxb5 Bxb5 26. Bxb5 Rfd8 27. Qe3 Ng4 28. Qe2 Ne5 29. Nd2 Ra8 30. Nb3 Ra3 31. Rb1 Nc6 1/2-1/2

[Event "Ketrzyn op 9th"]
[Site "Ketrzyn"]
[Date "2006.12.27"]
[Round "2.4"]
[White "Budrewicz, Krzysztof"]
[Black "Surin, Kirill"]
[Result "1-0"]
[WhiteElo "2211"]
[BlackElo "2073"]
[PlyCount "49"]
[EventDate "2006.12.27"]
[EventType "swiss"]
[EventRounds "9"]
[EventCountry "POL"]
[SourceTitle "EXT 2023"]
[Source "ChessBase"]
[SourceDate "2022.10.05"]
[SourceVersion "1"]
[SourceVersionDate "2022.10.05"]
[SourceQuality "1"]

1. d4 d5 2. Nf3 Nf6 3. c4 c6 4. Nc3 a6 5. a4 e6 6. e3 Nbd7 7. Bd3 dxc4 8. Bxc4 c5 9. 0-0 cxd4 10. Nxd4 Nb6 11. Be2 Nbd5 12. Nxd5 Nxd5 13. e4 Nf6 14. e5 Nd5 15. Bf3 Be7 16. Nf5 exf5 17. Bxd5 Bc5 18. Qf3 Qe7 19. Qg3 Rg8 20. Bg5 Qc7 21. Rac1 Qb6 22. a5 Qxa5 23. Qb3 Rf8 24. Bxb7 Be6 25. Bc6+ 1-0

[Event "Ketrzyn op 9th"]
[Site "Ketrzyn"]
[Date "2006.12.27"]
[Round "1.13"]
[White "Surin, Kirill"]
[Black "Dzionk, Agata"]
[Result "1-0"]
[WhiteElo "2073"]
[BlackElo "1741"]
[PlyCount "117"]
[EventDate "2006.12.27"]
[EventType "swiss"]
[EventRounds "9"]
[EventCountry "POL"]
[SourceTitle "EXT 2023"]
[Source "ChessBase"]
[SourceDate "2022.10.05"]
[SourceVersion "1"]
[SourceVersionDate "2022.10.05"]
[SourceQuality "1"]

1. d4 Nf6 2. Nf3 g6 3. Bg5 Bg7 4. e3 0-0 5. Be2 d6 6. c4 Ne4 7. Bh4 c5 8. 0-0 Nd7 9. Qc2 f5 10. Nc3 Ndf6 11. Bd3 Nxc3 12. Qxc3 b6 13. Qc2 Nh5 14. Rae1 Bb7 15. Ng5 Qd7 16. d5 Bf6 17. f4 Ng7 18. Nf3 Bxh4 19. Nxh4 e5 20. fxe5 dxe5 21. e4 f4 22. a3 Rad8 23. b4 g5 24. Nf5 Bc8 25. Qc3 Rde8 26. bxc5 bxc5 27. Nxg7 Kxg7 28. Qa5 Qe7 29. Rb1 Rf6 30. Rb5 Ra6 31. Qc3 Qd6 32. Bc2 Rb6 33. Rfb1 Re7 34. a4 Ba6 35. Rxb6 axb6 36. Bd3 Rf7 37. Be2 Rf6 38. Bg4 Qc7 39. Rd1 Rd6 40. Rb1 Rf6 41. Be6 Rf8 42. Bf5 Rd8 43. Qh3 h6 44. Qc3 Kf6 45. Kf2 Rd6 46. h4 Qg7 47. hxg5+ Qxg5 48. Rh1 h5 49. Rh3 Rd8 50. Be6 Qg6 51. g3 Qxe4 52. gxf4 Bxc4 53. fxe5+ Ke7 54. Rf3 Qh4+ 55. Ke3 Qg5+ 56. Kf2 Qg6 57. Rf5 Qg4 58. Qc2 Qd4+ 59. Kg2 1-0